<?xml version="1.0" encoding="UTF-8"?>
<collection xmlns="http://www.loc.gov/MARC21/slim">
 <record>
  <leader>01673aam a22003258a 4500</leader>
  <controlfield tag="001">000020846</controlfield>
  <controlfield tag="003">17293</controlfield>
  <controlfield tag="005">20150327170307.0</controlfield>
  <controlfield tag="008">150327s2014                        viesd</controlfield>
  <datafield tag="041" ind1="0" ind2=" ">
   <subfield code="a">vie</subfield>
  </datafield>
  <datafield tag="082" ind1="0" ind2="4">
   <subfield code="2">23</subfield>
   <subfield code="a">398.209597</subfield>
  </datafield>
  <datafield tag="100" ind1="1" ind2=" ">
   <subfield code="a">Nguyễn Xuân Kính</subfield>
  </datafield>
  <datafield tag="245" ind1="1" ind2="0">
   <subfield code="a">Sử thi Xơ Đăng</subfield>
   <subfield code="c">B.s.: Nguyễn Xuân Kính (ch.b.), Vũ Quang Dũng, Vũ Hoàng Hiếu</subfield>
  </datafield>
  <datafield tag="260" ind1=" " ind2=" ">
   <subfield code="a">H.</subfield>
   <subfield code="b">Khoa học xã hội</subfield>
   <subfield code="c">2014</subfield>
  </datafield>
  <datafield tag="300" ind1=" " ind2=" ">
   <subfield code="c">21cm.</subfield>
  </datafield>
  <datafield tag="500" ind1=" " ind2=" ">
   <subfield code="a">ĐTTS ghi: Hội Văn nghệ dân gian Việt Nam</subfield>
  </datafield>
  <datafield tag="774" ind1=" " ind2=" ">
   <subfield code="a">Nguyễn Xuân Kính</subfield>
   <subfield code="d">H.</subfield>
   <subfield code="d">Khoa học xã hội</subfield>
   <subfield code="d">2014</subfield>
   <subfield code="g">Q.1</subfield>
   <subfield code="h">847tr.</subfield>
   <subfield code="n">ĐTTS ghi: Hội Văn nghệ dân gian Việt Nam</subfield>
   <subfield code="w">641232</subfield>
   <subfield code="z">9786049023828</subfield>
  </datafield>
  <datafield tag="774" ind1=" " ind2=" ">
   <subfield code="a">Nguyễn Xuân Kính</subfield>
   <subfield code="d">H.</subfield>
   <subfield code="d">Khoa học xã hội</subfield>
   <subfield code="d">2014</subfield>
   <subfield code="g">Q.2</subfield>
   <subfield code="h">503tr.</subfield>
   <subfield code="n">ĐTTS ghi: Hội Văn nghệ dân gian Việt Nam</subfield>
   <subfield code="w">641236</subfield>
   <subfield code="z">9786049023835</subfield>
  </datafield>
  <datafield tag="774" ind1=" " ind2=" ">
   <subfield code="a">Nguyễn Xuân Kính</subfield>
   <subfield code="d">H.</subfield>
   <subfield code="d">Khoa học xã hội</subfield>
   <subfield code="d">2014</subfield>
   <subfield code="g">Q.3</subfield>
   <subfield code="h">391tr.</subfield>
   <subfield code="n">ĐTTS ghi: Hội Văn nghệ dân gian Việt Nam</subfield>
   <subfield code="w">641241</subfield>
   <subfield code="z">9786049023842</subfield>
  </datafield>
  <datafield tag="774" ind1=" " ind2=" ">
   <subfield code="a">Nguyễn Xuân Kính</subfield>
   <subfield code="d">H.</subfield>
   <subfield code="d">Khoa học xã hội</subfield>
   <subfield code="d">2014</subfield>
   <subfield code="g">Q.2</subfield>
   <subfield code="h">391 tr.</subfield>
   <subfield code="n">ĐTTS ghi: Hội Văn nghệ dân gian Việt Nam</subfield>
   <subfield code="t">Sử thi Xơ Đăng</subfield>
   <subfield code="w">17296</subfield>
  </datafield>
  <datafield tag="774" ind1=" " ind2=" ">
   <subfield code="a">Nguyễn Xuân Kính</subfield>
   <subfield code="d">H.</subfield>
   <subfield code="d">Khoa học xã hội</subfield>
   <subfield code="d">2014</subfield>
   <subfield code="g">Q.2</subfield>
   <subfield code="h">503 tr.</subfield>
   <subfield code="n">ĐTTS ghi: Hội Văn nghệ dân gian Việt Nam</subfield>
   <subfield code="t">Sử thi Xơ Đăng</subfield>
   <subfield code="w">17295</subfield>
  </datafield>
  <datafield tag="774" ind1=" " ind2=" ">
   <subfield code="a">Nguyễn Xuân Kính</subfield>
   <subfield code="d">H.</subfield>
   <subfield code="d">Khoa học xã hội</subfield>
   <subfield code="d">2014</subfield>
   <subfield code="g">Q.1</subfield>
   <subfield code="h">847 tr.</subfield>
   <subfield code="n">ĐTTS ghi: Hội Văn nghệ dân gian Việt Nam</subfield>
   <subfield code="t">Sử thi Xơ Đăng</subfield>
   <subfield code="w">17294</subfield>
  </datafield>
  <datafield tag="OWN" ind1=" " ind2=" ">
   <subfield code="a">LSP</subfield>
  </datafield>
  <datafield tag="999" ind1=" " ind2=" ">
   <subfield code="a">From the UDN01</subfield>
  </datafield>
  <datafield tag="TYP" ind1=" " ind2=" ">
   <subfield code="a">Monograph</subfield>
  </datafield>
  <datafield tag="TYP" ind1=" " ind2=" ">
   <subfield code="a">Printed language</subfield>
  </datafield>
  <datafield tag="980" ind1=" " ind2=" ">
   <subfield code="a">Mạng thư viện Đại học Đà Nẵng</subfield>
  </datafield>
 </record>
</collection>
